Responses for Show #6613 - Wednesday, May 22, 2013

Contestants

[<< previous game]

Scott Singer, an attorney from Boca Raton, Florida

Cecily Squier, an account manager from Austin, Texas

Rachel Eastwood, a veterinary technician student from Denver, Colorado (whose 1-day cash winnings total $20,000)

[next game >>]

Jeopardy! Round responses

ANNUAL EVENTS
SPORTS BIOGRAPHIES
5 DIFFERENT VOWELS IN ONE WORD
BUSINESS & INDUSTRY
"HOW"
CAN I LIVE WITHOUT YOU?
    $200 1
(Rachel: What is the American Lung Association?)

the American Cancer Society

RachelScott
    $200 5
(Wayne) Gretzky

Scott
    $200 30
evacuation

Scott
    $200 29
BP

Scott
    $200 14
Dwight David Eisenhower

Triple Stumper
    $200 24
your heart

Scott
    $1,000 18
Battle Creek

Cecily
    $400 6
(Cecily: Who is Jim Thorpe?)

Jesse Owens

CecilyScott
    $400 7
automobile

Rachel
    $400 12
Arm & Hammer

Scott
    $400 15
however

Scott
    $400 28
the liver

Rachel
    $600 19
Fleet Week

Cecily
    $600 3
(Ray "Boom Boom") Mancini

Scott
    $600 8
a tambourine

Rachel
    $600 11
Coca-Cola

Rachel
    $600 13
chow

Cecily
    $600 25
kidneys

Cecily
    $800 20
Annie Oakley

Rachel
    $800 2
Tony Hawk

Rachel
    $800 9
sequoia

Scott
    $800 16
Toys "R" Us

Rachel
    $800 22
How to Win Friends & Influence People

Scott
    $800 26
a pancreas

Rachel
    $1000 21
Minnesota

Cecily
    $1000 4
Babe Didrikson Zaharias

Cecily
    $1000 10
precarious

Triple Stumper
    $1000 17
Cablevision

Cecily
    $1000 23
a howler monkey

Rachel
    $1000 27
the gallbladder

Rachel

Scores at the first commercial break (after clue 15):

Rachel Cecily Scott
$2,200 $1,200 $3,000

Scores at the end of the Jeopardy! Round:

Rachel Cecily Scott
$7,000 $5,400 $4,400

Double Jeopardy! Round responses

SUPREME COURT CASES
THE QUOTABLE DICKENS
(Alex: We need you to name the work.)
MOVIE COUPLES
AFRICA
BEHIND BARS
GIVE ME A "C"
    $400 5
Florida

Cecily
    $400 29
Oliver Twist

Cecily
    $400 6
WALL-E

Scott
    $400 12
Cairo

Cecily
    $400 20
sake

Scott
    $400 17
Cruelty

Scott
    $800 4
Nixon

Rachel
    $800 18
A Tale of Two Cities

Scott
    $800 8
Indiana Jones

Scott
    $800 13
crocodiles

Cecily
    $800 23
a jigger

Rachel
    $800 24
crying

Rachel
    $1200 3
(Scott: What is defamation?)
[Scott's answer was initially ruled incorrect but was later overturned before the Daily Double at Clue 28 "since libel is a form of defamation".]

libel

RachelScott
    $1200 7
David Copperfield

Cecily
    $1200 9
Paul Rudd

Rachel
    $1200 14
(Sir Henry) Stanley

Scott
    $1200 19
(Scott: What is lemon juice?)

grapefruit

RachelScott
    $1200 25
Christian

Scott
    $1600 2
interracial

Cecily
    $9,000 28
Great Expectations

Scott
    $1600 10
Die Hard

Scott
    $1600 15
Mount Kenya

Rachel
    $1600 22
Irish coffee

Rachel
    $1600 26
Composers

Scott
    $3,000 1
a tax

Scott
    $2000 30
The Old Curiosity Shop

Triple Stumper
    $2000 11
(Laurence) Olivier

Rachel
    $2000 16
Botswana

Cecily
    $2000 21
triple sec

Rachel
    $2000 27
(Scott: What is Contribution?)

Contributions

Scott
Triple Stumper

Scores at the end of the Double Jeopardy! Round:

Rachel Cecily Scott
$20,200 $12,200 $22,800

[wagering suggestions for these scores]

Final Jeopardy! Round responses

AMERICAN WOMEN
CecilyWho is Rosa Parks?
$11,000
RachelWho was Rosa Parks?
$9,800
ScottWho was Rosa Parks?
$17,601
Rosa Parks

Final scores:

Rachel Cecily Scott
$30,000 $23,200 $40,401
2nd place: $2,000 3rd place: $1,000 New champion: $40,401

Game dynamics:

Coryat scores:

Rachel Cecily Scott
$20,200 $11,600 $14,400
20 R,
1 W
14 R
(including 1 DD),
1 W
23 R
(including 2 DDs),
2 W

Combined Coryat: $46,200

[game clues] [game scores] [suggest correction]

Game tape date: 2013-01-09
The J! Archive is created by fans, for fans. Scraping, republication, monetization, and malicious use prohibited; this site may use cookies and collect identifying information. See terms. The Jeopardy! game show and all elements thereof, including but not limited to copyright and trademark thereto, are the property of Jeopardy Productions, Inc. and are protected under law. This website is not affiliated with, sponsored by, or operated by Jeopardy Productions, Inc. Join the discussion at JBoard.tv.